000 02594cam a22004934i 4500
003 PE-LiUPU
005 20250731173115.0
008 190320s2018 xxu rb 000 0 eng d
020 _a1628372028
020 _a9781628372021
035 _a(Sirsi) a251993
040 _aPE-LiUPU
_bspa
_cPE-LiUPU
_erda
049 _aPRUA
082 0 4 _a220.60996
_bS3
_223
245 0 0 _aSea of readings :
_bthe Bible in the South Pacific /
_ceditor Jione Havea.
264 1 _aAtlanta :
_bSBL Press,
_c[2018].
300 _axiii, 235 páginas ;
_c23 centímetros.
336 _atext
_2rdacontent
337 _aunmediated
_2rdamedia
338 _avolume
_2rdacarrier
504 _aBibliografía al final de cada capítulo.
504 _aÍndice: páginas 225-235.
505 0 _aIslander criticism : waters, ways, worries -- Island twists -- Island prodigals : encircling the void in Luke 15:11-32 with Albert Wendt -- Wet Bible : stor(y)ing Jonah with Sia Figiel -- Native texts : Samoan proverbial and wisdom sayings -- Ko e punake mo 'e ne ta'anga, pea mo e folofola (Composer, composition, and the canon) -- Island turns -- Lifting the tapu of sex : a tulou reading of the Song of Songs -- Brian Fiu Kolia -- Moses, both Hebrew and Egyptian : a Samoan Palagi reading of Exodus 2-3 -- Sipora (Zipporah), both native and foreigner : a marama iTaukei reading of Exodus 4:24-26 -- Not just a bimbo : a reading of Esther by a Singaporean immigrant in Aotearoa New Zealand -- The priestly ger (alien) meets the Samoan tagata ese (outsider) -- Jesus the fiaola (opportunity seeker) : a postcolonial Samoan reading of Matthew 7:24-8:22 -- Across the sea -- Is my island your island? : a response in three keys -- Not @ sea : finding and foraging among family resemblances across the oceans -- Going with the flow -- Ancient roots of the islander narrative of inferiority.
526 _aSEG42
526 _aSEG41
526 _aSEG40
526 _aSEG39
526 _aP94
526 _aP87
526 _aP86
526 _aP85
526 _aP77
526 _aP76
526 _aP35
650 0 4 _aBiblia.
_pA.T.
_xAntigüedades.
650 0 7 _aArqueología.
700 1 _aHavea, Jione,
_eeditor.
910 _adbm
_bksl
_cksl
_d20190320
942 _2ddc
_cBOOK
994 _aC0
_bPEPRU
596 _a1
999 _a220.60996 S3
_wDEWEY
_c31251
_i80052
_f2021-11-9
_g3
_lCCODEBUL1
_mBUL
_p25.00
_r0
_sY
_tBOOK
_u2019-3-20
_xTEOLOGIA
_PP35
_0COMPRA
_o.STAFF. Colección Teología
_d31251
980 _81
_gALBERTO SANCHEZ Responsable de Automatización